000 00311nam a2200133Ia 4500
008 230917s9999||||xx |||||||||||||| ||und||
040 _e5002100
_aMAIN
041 _aEnglish
082 _a549.27, M318C
100 _aMantell, Charles L
245 0 _aCarbon and graphite hand book
260 _c1968
942 _cBK
999 _c9168
_d9168